Most Visited Countries by JetPunkers in Africa - Statistics

General Stats
  • This quiz has been taken 78 times
  • The average score is 12 of 14
Answer Stats
Country % % Correct
Egypt 6.5
100%
South Africa 6.1
100%
Morocco 9.3
97%
Tunisia 6.5
93%
Algeria 1.8
92%
Nigeria 1.4
92%
Kenya 2.5
91%
Tanzania 3.2
87%
Ethiopia 1.8
79%
Madagascar 1.1
69%
Namibia 1.4
69%
Botswana 1.1
64%
Zimbabwe 1.1
63%
Uganda 2.2
59%
No matching quizzes found
Score Distribution
Percent of People with Each Score
Percentile by Number Answered
Your Score History
You have not taken this quiz